[Event "British Rapidplay"]
[Site "Peterborough"]
[Date "2024.03.03"]
[Round "11"]
[White "Gevorgyan, Albert R"]
[Black "George, Matthew P"]
[Result "0-1"]
[WhiteElo "1929"]
[BlackElo "1999"]
[PlyCount "88"]
[EventDate "2024.03.02"]
[EventType "swiss (rapid)"]
[EventRounds "11"]
[EventCountry "ENG"]
[SourceTitle "CB10_2024"]
[SourceDate "2024.03.06"]
[SourceVersion "1"]
[SourceVersionDate "2024.03.06"]
[SourceQuality "1"]

1. e4 c5 2. Nf3 d6 3. Bb5+ Bd7 4. Bxd7+ Qxd7 5. c4 Nc6 6. Nc3 g6 7. d4 cxd4 8. Nxd4 h5 9. Be3 Bh6 10. Bxh6 Nxh6 11. Nxc6 bxc6 12. Qd4 0-0 13. 0-0 Qb7 14. b3 Qb6 15. Qd2 Kg7 16. Kh1 f5 17. Qg5 Rf7 18. Rae1 Qd4 19. exf5 Nxf5 20. Re6 Rf6 21. Ne2 Qd3 22. Rxf6 exf6 23. Qxg6+ Kxg6 24. Nf4+ Kf7 25. Nxd3 a5 26. Nf4 h4 27. g3 a4 28. b4 a3 29. Rd1 Ra4 30. g4 Ne7 31. Rb1 d5 32. cxd5 cxd5 33. b5 Rxf4 34. b6 Nc6 35. Rc1 Rc4 36. Rb1 Rc2 37. b7 h3 38. f4 d4 39. Kg1 Nb8 40. Rd1 Rxa2 41. Rxd4 Rg2+ 42. Kf1 a2 43. Ra4 Rxh2 44. Kg1 Rb2 0-1

[Event "British Rapidplay"]
[Site "Peterborough"]
[Date "2024.03.02"]
[Round "3"]
[White "Harris, Michael"]
[Black "George, Matthew P"]
[Result "1-0"]
[WhiteElo "2234"]
[BlackElo "1999"]
[PlyCount "70"]
[EventDate "2024.03.02"]
[EventType "swiss (rapid)"]
[EventRounds "11"]
[EventCountry "ENG"]
[SourceTitle "CB10_2024"]
[SourceDate "2024.03.06"]
[SourceVersion "1"]
[SourceVersionDate "2024.03.06"]
[SourceQuality "1"]

1. d4 d5 2. Nf3 Nf6 3. c4 e6 4. g3 Bb4+ 5. Bd2 Bd6 6. Bg2 0-0 7. 0-0 c6 8. Qc2 Nbd7 9. Bf4 Qe7 10. Nbd2 b6 11. cxd5 cxd5 12. Qc6 Bxf4 13. Qxa8 Bb8 14. Qc6 Ba6 15. Rfe1 Qb4 16. a3 Qe7 17. Rac1 h6 18. e3 Rd8 19. Bf1 Bc8 20. Qa4 Nf8 21. Rc2 g5 22. Rec1 Bb7 23. Ne5 Ng6 24. Ba6 Nxe5 25. dxe5 Bxe5 26. Bxb7 Qxb7 27. Nf3 Bd6 28. Nd4 h5 29. Nb5 Bb8 30. Nc7 Ne4 31. Qc6 Qc8 32. Nxd5 Qxc6 33. Ne7+ Kg7 34. Nxc6 Re8 35. Nxb8 Rh8 1-0

[Event "EU-ch Blitz"]
[Site "Katowice"]
[Date "2022.12.16"]
[Round "3"]
[White "George, Matthew P"]
[Black "Seo, Jung Min"]
[Result "1/2-1/2"]
[WhiteElo "1999"]
[BlackElo "2502"]
[PlyCount "69"]
[EventDate "2022.12.16"]
[EventType "swiss (blitz)"]
[EventRounds "22"]
[EventCountry "POL"]
[SourceTitle "CBM 211 Extra"]
[Source "ChessBase"]
[SourceDate "2023.01.31"]
[SourceVersion "1"]
[SourceVersionDate "2023.01.31"]
[SourceQuality "1"]

1. e4 e5 2. Nf3 Nc6 3. Nc3 Nf6 4. d4 Bb4 5. Nxe5 Nxe4 6. Qf3 Nf6 7. Be3 0-0 8. Nxc6 dxc6 9. h3 Be6 10. Bd3 Bd5 11. Qg3 Ne4 12. Bxe4 Bxe4 13. Rc1 Qd5 14. 0-0 Bxc3 15. bxc3 Rac8 16. Bh6 Bg6 17. Bf4 c5 18. Rfd1 cxd4 19. cxd4 Qxa2 20. c4 c6 21. Qc3 Qa6 22. Ra1 Qb6 23. Bd6 Rfe8 24. Bc5 Qd8 25. Rxa7 b6 26. Ba3 b5 27. cxb5 cxb5 28. Bc5 Qd5 29. Re1 h5 30. Ree7 Rxe7 31. Rxe7 Ra8 32. h4 Qf5 33. Re5 Qg4 34. g3 Be4 35. Qb2 1/2-1/2

[Event "EU-ch blitz"]
[Site "Tallinn"]
[Date "2019.12.07"]
[Round "1"]
[White "George, Matthew P"]
[Black "Ziska, Helgi Dam"]
[Result "0-1"]
[WhiteElo "2016"]
[BlackElo "2614"]
[PlyCount "62"]
[EventDate "2019.12.07"]
[EventType "swiss (blitz)"]
[EventRounds "22"]
[EventCountry "EST"]
[SourceTitle "CBM 193 Extra"]
[Source "ChessBase"]
[SourceDate "2020.01.31"]
[SourceVersion "1"]
[SourceVersionDate "2020.01.31"]
[SourceQuality "1"]

1. Nf3 Nf6 2. c4 g6 3. Nc3 Bg7 4. e4 d6 5. d4 0-0 6. Be2 Nbd7 7. 0-0 e5 8. d5 Nc5 9. Qc2 a5 10. Bg5 h6 11. Be3 Nh5 12. g3 b6 13. a3 f5 14. Bxc5 bxc5 15. Nh4 Nf4 16. exf5 gxf5 17. Ng2 Nxe2+ 18. Qxe2 Rb8 19. f4 e4 20. Ne3 Bd7 21. Rad1 Bd4 22. Rd2 Qf6 23. Rc1 Be8 24. Kh1 Bh5 25. g4 fxg4 26. Rg1 Qxf4 27. Ncd1 Kh8 28. Rf1 Qg5 29. Qg2 Rf3 30. Rdf2 Bxe3 31. Nxe3 Qxe3 0-1

[Event "Nancy Meurthe blitz 17th"]
[Site "Nancy"]
[Date "2019.02.23"]
[Round "4"]
[White "Brunner, Nicolas"]
[Black "George, Matthew P"]
[Result "1-0"]
[WhiteElo "2427"]
[BlackElo "2000"]
[PlyCount "95"]
[EventDate "2019.02.24"]
[EventType "swiss (blitz)"]
[EventRounds "11"]
[EventCountry "FRA"]
[SourceTitle "CBM 189 Extra"]
[Source "ChessBase"]
[SourceDate "2019.06.03"]
[SourceVersion "1"]
[SourceVersionDate "2019.06.03"]
[SourceQuality "1"]

1. d4 d5 2. c4 e6 3. Nf3 a6 4. cxd5 exd5 5. Nc3 Nf6 6. Bg5 Be6 7. e3 Nbd7 8. Bd3 h6 9. Bh4 g5 10. Bg3 Nh5 11. Qc2 c6 12. 0-0-0 Nxg3 13. hxg3 Bg7 14. Kb1 Qc7 15. Bf5 Qd6 16. g4 0-0-0 17. Rc1 Kb8 18. Na4 Rc8 19. Nc5 Nxc5 20. Qxc5 Qxc5 21. Rxc5 Kc7 22. Kc2 Kd6 23. Kd3 b6 24. Rc2 c5 25. b3 Bf6 26. Rhc1 h5 27. Bxe6 fxe6 28. gxh5 Rxh5 29. g4 Rh3 30. Ke2 a5 31. a4 Rh7 32. dxc5+ bxc5 33. Nd4 Bxd4 34. exd4 Rh3 35. Rxc5 Rxc5 36. Rxc5 Rxb3 37. Rxa5 Ra3 38. Ra6+ Ke7 39. a5 Kf6 40. Ra8 Ra2+ 41. Ke3 Ra3+ 42. Ke2 Ra2+ 43. Kf3 Ra3+ 44. Ke2 Ra2+ 45. Ke3 Ra3+ 46. Kd2 Ra2+ 47. Kc3 Rxf2 48. Rf8+ 1-0

[Event "BCF-chT3Sa 1819 (4NCL)"]
[Site "England"]
[Date "2018.11.17"]
[Round "1.26"]
[White "Lim, Mark"]
[Black "George, Matthew P"]
[Result "1/2-1/2"]
[WhiteElo "1800"]
[BlackElo "2001"]
[PlyCount "37"]
[EventDate "2018.11.17"]
[EventType "team-tourn"]
[EventRounds "7"]
[EventCountry "ENG"]
[SourceTitle "EXT 2021"]
[Source "ChessBase"]
[SourceDate "2020.10.23"]
[SourceVersion "1"]
[SourceVersionDate "2020.10.23"]
[SourceQuality "1"]
[WhiteTeam "Cambridge University II"]
[BlackTeam "Fermented Sharks"]
[WhiteTeamCountry "ENG"]
[BlackTeamCountry "ENG"]

1. d4 Nf6 2. Nf3 d6 3. Nbd2 Nbd7 4. e4 c6 5. c3 e5 6. Bd3 Be7 7. 0-0 Qc7 8. a4 a5 9. Nc4 h6 10. dxe5 Nxe5 11. Nfxe5 dxe5 12. Be3 Be6 13. Qe2 Nd7 14. f4 Bxc4 15. Bxc4 0-0 16. Rad1 Bc5 17. f5 Bxe3+ 18. Qxe3 Qb6 19. Qxb6 1/2-1/2

[Event "EU-ch blitz"]
[Site "Katowice"]
[Date "2017.12.15"]
[Round "4"]
[White "George, Matthew P"]
[Black "Luch, Michal"]
[Result "0-1"]
[WhiteElo "2013"]
[BlackElo "2398"]
[PlyCount "88"]
[EventDate "2017.12.15"]
[EventType "swiss (blitz)"]
[EventRounds "22"]
[EventCountry "POL"]
[SourceTitle "CBM 182 Extra"]
[Source "ChessBase"]
[SourceDate "2018.02.23"]
[SourceVersion "1"]
[SourceVersionDate "2018.02.23"]
[SourceQuality "1"]

1. Nf3 d5 2. e3 Nf6 3. c4 e6 4. Nc3 a6 5. b3 dxc4 6. Bxc4 b5 7. Be2 Bb7 8. Bb2 Be7 9. 0-0 0-0 10. d4 Nbd7 11. Rc1 Qb8 12. Qc2 c5 13. dxc5 Nxc5 14. Rfd1 Rc8 15. Qb1 b4 16. Na4 Nxa4 17. bxa4 Bd5 18. Rxc8+ Qxc8 19. Bxf6 Bxf6 20. Qxb4 Bxa2 21. Nd4 Bd5 22. Qa5 Bd8 23. Qd2 Qd7 24. a5 Qc7 25. Rc1 Qb7 26. Qc2 Bxa5 27. Rb1 Qc7 28. Qa4 g6 29. h3 Bb6 30. Nf3 a5 31. Qb5 Rb8 32. Qa6 Ba7 33. Rd1 Qb6 34. Qd3 Qb4 35. Nd4 a4 36. Qa6 Bxd4 37. Rxd4 Qb1+ 38. Kh2 Bb3 39. Rd7 Qf5 40. Qa7 Rc8 41. Bf3 Qe5+ 42. g3 Qf6 43. h4 Qxf3 44. Qb7 Qxb7 0-1

[Event "BCF-chT3S 1617 (4NCL) Promotion pool"]
[Site "England"]
[Date "2017.04.30"]
[Round "10.26"]
[White "George, Matthew P"]
[Black "Adaway, William"]
[Result "1-0"]
[WhiteElo "2027"]
[BlackElo "1897"]
[PlyCount "79"]
[EventDate "2016.11.26"]
[EventType "team-tourn"]
[EventRounds "11"]
[EventCountry "ENG"]
[SourceTitle "EXT 2019"]
[Source "ChessBase"]
[SourceDate "2018.10.10"]
[SourceVersion "1"]
[SourceVersionDate "2018.10.10"]
[SourceQuality "1"]
[WhiteTeam "Fermented Sharks"]
[BlackTeam "Wessex"]
[WhiteTeamCountry "ENG"]
[BlackTeamCountry "ENG"]

1. c4 e6 2. Nf3 d5 3. e3 Nf6 4. Nc3 Be7 5. b3 0-0 6. Bb2 c5 7. cxd5 exd5 8. d4 b6 9. Be2 Bb7 10. 0-0 Nbd7 11. Rc1 Ne4 12. dxc5 Nxc3 13. Bxc3 bxc5 14. Qd3 Qb6 15. Rfd1 Rfe8 16. Qb5 Bc6 17. Qa6 Bb7 18. Qa4 Qe6 19. Bb5 Nb6 20. Qf4 Bc6 21. Bxc6 Qxc6 22. Qxf7+ Kxf7 23. Ne5+ Kg8 24. Nxc6 Bd6 25. b4 Rec8 26. bxc5 Rxc6 27. cxd6 Rxd6 28. Be5 Rd7 29. h4 Re8 30. Bf4 Kf7 31. Rd4 Rc8 32. Rxc8 Nxc8 33. Kf1 Ke6 34. Rb4 Ne7 35. g4 Ng6 36. Bg3 Ne5 37. Ra4 Nc4 38. Ra6+ Nb6 39. Bb8 h5 40. Bxa7 1-0

[Event "BCF-chT3Sb 1617 (4NCL)"]
[Site "England"]
[Date "2017.02.12"]
[Round "6.65"]
[White "Phillips, William"]
[Black "George, Matthew P"]
[Result "0-1"]
[WhiteElo "1861"]
[BlackElo "2024"]
[PlyCount "100"]
[EventDate "2016.11.26"]
[EventType "team-tourn"]
[EventRounds "11"]
[EventCountry "ENG"]
[SourceTitle "EXT 2019"]
[Source "ChessBase"]
[SourceDate "2018.10.10"]
[SourceVersion "1"]
[SourceVersionDate "2018.10.10"]
[SourceQuality "1"]
[WhiteTeam "Cambridge University II"]
[BlackTeam "Fermented Sharks"]
[WhiteTeamCountry "ENG"]
[BlackTeamCountry "ENG"]

1. d4 Nf6 2. Nf3 e6 3. e3 b6 4. Bd3 Bb7 5. 0-0 d6 6. Nc3 Nbd7 7. e4 c5 8. Re1 cxd4 9. Nxd4 a6 10. a4 Qc7 11. Be3 Be7 12. f3 0-0 13. Qd2 Rfd8 14. Qf2 d5 15. exd5 Nxd5 16. Nxd5 Bxd5 17. Qg3 Qxg3 18. hxg3 Bf6 19. c3 Ne5 20. Bf1 Nc4 21. Bxc4 Bxc4 22. Nc2 Rab8 23. Nb4 Rd7 24. Rad1 Rxd1 25. Rxd1 Rd8 26. Rxd8+ Bxd8 27. Nc6 Bc7 28. Kf2 Kf8 29. Bf4 Bxf4 30. gxf4 Bd5 31. Nb4 Bb7 32. Ke3 Ke7 33. Kd4 Kd6 34. Nd3 f6 35. c4 a5 36. c5+ bxc5+ 37. Nxc5 Bd5 38. Ne4+ Kc6 39. Nc3 h5 40. Nxd5 exd5 41. f5 h4 42. f4 Kd6 43. Kd3 Kc5 44. Kc3 d4+ 45. Kd3 Kd5 46. Kd2 Kc4 47. Kc2 d3+ 48. Kd2 Kd4 49. b4 axb4 50. a5 b3 0-1

[Event "BCF-chT3Sb 1617 (4NCL)"]
[Site "England"]
[Date "2017.01.14"]
[Round "3.74"]
[White "Sutton, Daniel"]
[Black "George, Matthew P"]
[Result "0-1"]
[WhiteElo "1844"]
[BlackElo "1997"]
[PlyCount "46"]
[EventDate "2016.11.26"]
[EventType "team-tourn"]
[EventRounds "11"]
[EventCountry "ENG"]
[SourceTitle "EXT 2019"]
[Source "ChessBase"]
[SourceDate "2018.10.10"]
[SourceVersion "1"]
[SourceVersionDate "2018.10.10"]
[SourceQuality "1"]
[WhiteTeam "Sussex Martlets II"]
[BlackTeam "Fermented Sharks"]
[WhiteTeamCountry "ENG"]
[BlackTeamCountry "ENG"]

1. e4 d6 2. d4 Nf6 3. Nc3 Nbd7 4. Nf3 e5 5. Bc4 Be7 6. 0-0 h6 7. Qe2 c6 8. a4 Qc7 9. h3 Nf8 10. Be3 g5 11. dxe5 dxe5 12. Rfd1 Ng6 13. Bxg5 hxg5 14. Nxg5 Rf8 15. Rd2 Qb6 16. Rad1 Qxb2 17. Nb5 cxb5 18. Bxb5+ Bd7 19. Rxd7 Nxd7 20. Qg4 0-0-0 21. Bxd7+ Kb8 22. Nxf7 Rxf7 23. Qxg6 Qxc2 0-1